Strongest team in each FIFA game - Statistics

General Stats
  • This quiz has been taken 146 times
  • The average score is 19 of 20
Answer Stats
FIFA Answer % Correct
14 Real Madrid
100%
17 Real Madrid
100%
23 Manchester City
99%
07 FC Barcelona
98%
08 FC Barcelona
98%
10 FC Barcelona
98%
11 FC Barcelona
98%
12 FC Barcelona
98%
13 FC Barcelona
98%
19 FC Barcelona
98%
20 FC Barcelona
98%
24 FC Barcelona
98%
15 FC Bayern Munich
93%
16 FC Bayern Munich
93%
18 FC Bayern Munich
93%
22 Paris Saint-Germain
92%
21 Liverpool
89%
09 Chelsea
84%
06 AC Milan
83%
05 AC Milan
83%
No matching quizzes found
Score Distribution
Percent of People with Each Score
Percentile by Number Answered
Your Score History
You have not taken this quiz